000 00756nam a2200253Ia 4500
003 OSt
005 20220925232803.0
006 a|||||r|||| 00| 0
007 ta
008 220923b |||||||| |||| 00| 0 eng d
037 _cGeneral Book
040 _aRTL
_cRTL
_beng
041 _2eng
_aeng
082 _aY:(G:55), L5
100 _aFanning Odom
_9297740
245 0 _aMan and his environment
_b Citizen action
260 _aNew York
_bHarper & Row
_c1975
300 _axiv ,240p
_ccm.
490 _aMan and his environment series , Ed by John Dardaeh
500 _aBibliography chapterwise; Appendix P 227-33
650 _aSociomery
_9230825
942 _hY:(G:55), L5
_cGB
_2CC
999 _c592147
_d592147